| 000 | 00513nam a22001817a 4500 | ||
|---|---|---|---|
| 003 | dpl | ||
| 005 | 20180716103432.0 | ||
| 008 | 180716b xxu||||| |||| 00| 0 eng d | ||
| 020 | _c0.00 | ||
| 035 | _aB-216960 | ||
| 040 |
_adpl _bEN _c0 |
||
| 082 | _a574.8 | ||
| 100 | _aArora, Mohan P | ||
| 245 |
_aCell Biology- Immunology and Environment Biology/ _cby Mohan P Arora |
||
| 260 |
_aMumbai _bHimalaya Publishing House _c2006 |
||
| 300 |
_a285p; _bill; _c22cm. |
||
| 942 |
_2ddc _cEN _h574.8 _mARO |
||
| 999 |
_c154072 _d154072 |
||